Score 0/34 Timer 04:00
0 Plays Today
Clue 4-Letter Word % Correct
★ Sound Mixing nominee: 'Star ____: The Last Jedi' ★★WARS★
95.4%
Singer Nat King ____COLE
94.9%
Gesture for saying goodbyeWAVE
94%
★ Supporting Actress Nominee: ____ J. Blige ★★MARY★
93.9%
★ Lead Actor Nominee: ____ Oldman ★★GARY★
92.3%
Female horseMARE
92.1%
Face disguiseMASK
91.7%
Handed overGAVE
90.9%
Skin growthWART
90.7%
ArriveCOME
90.4%
Sailboat's center poleMAST
90.2%
MisplacedLOST
90.2%
Item for saleWARE
89.4%
Role in a moviePART
89%
★ Documentary nominee: '____ Men in Aleppo' ★★LAST★
87.8%
1928 song: '____ the Knife'MACK
86.9%
HarborPORT
86.5%
Clue 4-Letter Word % Correct
RoosterCOCK
86.3%
★ Adapted Screenplay nominee: 'Molly's ___'★★GAME★
85.5%
DeficiencyLACK
85.5%
PoetBARD
85.4%
★ Best Picture nominee: 'The ___' ★★POST★
85.1%
Cloth footwareSOCK
84.8%
★ Best Picture nominee: ' [rung 5] Me by Your ____'★★NAME★
84.7%
Quick tasteLICK
83.5%
Fish with elongated jawsGARS
83.3%
★ Best Picture nominee: '____ Me by Your [rung 10]'★★CALL★
82.7%
1968 movie: '5 ____ Stud'CARD
82.6%
Alaskan cityNOME
82.4%
★ Best Picture nominee: 'Lady __' ★★BIRD★
81.6%
★ Original Screenplay nominee: 'The Big ____' ★★SICK★
81.2%
Rob Reiner's talented fatherCARL
80%
Musician J.J. who wrote 'After Midnight'CALE
78.1%
★ Animated Feature nominee: '___' ★★COCO★
57.2%

Today's Daily Dose

Missing Word
1950 Movies A-Z

Word Ladder
One Word Bands

Get the Picture
Jack or Jill

Come Together.
Have Fun.
All Virtual.
We all need to come together. Play Sporcle's virtual live trivia to have fun, connect with people, and get your trivia on. Join a live hosted trivia game for your favorite pub trivia experience done virtually. If a virtual private party is more your thing, go here for details.

You're not logged in!

Compare scores with friends on all Sporcle quizzes.
OR
Log In

Sporcle TV

Today on Sporcle TV


Watch our educational content, quiz creation guides, and fun videos on Sporcle TV.

Show Comments

Extras

Top Quizzes Today


Score Distribution

Paid Content

Your Account Isn't Verified!

In order to create a playlist on Sporcle, you need to verify the email address you used during registration. Go to your Sporcle Settings to finish the process.

Report this User

Report this user for behavior that violates our Community Guidelines.

Details: